00530nam a2200169Ia 450000500170000000800410001702000150005808200130007310000110008624500310009726000380012830000130016650000620017994200060024195200980024799900150034520250703152513.0240331s9999 xx 000 0 und d a9552103940 bDUMa891 aDuma,A 0aMontha kristtho situwaraya aNugegodabM.D.Gunasena & Coc2006 a378 p ., aTranslation of Alexander Duma's The Count of Monte Cristo cL 001040708LaWERCLbWERCLcSSCd2024-03-31l0o 891.48 DUMp6036r2024-03-31w2024-03-31yL c5366d5366